Stati per aspettativa di vita - Asia - Statistics

Statistiche generali
  • Questo quiz è stato fatto 5 volte
  • Il punteggio medio è 6 su 10
Statistiche sulle risposte
Aspettativa di vita alla nascita (anni) Nazione % Corretto
83,53 Corea del Sud
100%
84,45 Giappone
100%
72,72 Thailandia
80%
78,71 Emirati Arabi Uniti
60%
82,50 Israele
60%
79,27 Qatar
60%
78,76 Bahrein
40%
79,92 Maldive
40%
83,44 Singapore
40%
81,20 Cipro
20%
Nessun quiz corrispondente trovato
Distribuzione punteggi
Percentuale di utenti per punteggio
Percentile per numero di risposta
I tuoi punteggi nel tempo
Non hai fatto questo quiz